000 00709nam a2200205Ia 4500
003 GCL
008 140319s9999 xx 000 0 ara d
020 _a850601977
040 _aGCL /
_cGCL
082 0 4 _aق
_b338.962
_bع م
100 1 _aعلى الفيومى
245 1 0 _aمصر القرن 21 /
_cعلى الفيومى
260 _aالقاهرة :
_bالهيئة المصرية العامة للكتاب ،
_c2003
300 _a151 ص ؛
_c20 سم
650 0 4 _aالمشروعات - تنظيم وادارة
650 0 4 _aمصر - التنمية الاقتصادية
650 0 4 _aمصر - التخطيط الاقتصادى
650 0 4 _aالوادى الجديد - تاريخ
942 _2ddc
_cBK
999 _c34372
_d34372